Mimésis: the representation of reality in western literature

保存先:
書誌詳細
第一著者: Auerbach, Erich
フォーマット: 図書
言語:Undetermined
出版事項: New York, Estados Unidos Princeton University Press 1974
版:4
主題:
タグ: タグ追加
タグなし, このレコードへの初めてのタグを付けませんか!

MARC

LEADER 00000nam a2200000Ia 4500
008 170316s9999 xx 000 0 und d
090 |a 801 A-33m 
100 |a Auerbach, Erich 
245 |a Mimésis: the representation of reality in western literature 
250 |a 4 
260 |a New York, Estados Unidos 
260 |b Princeton University Press 
260 |c 1974 
300 |a 563 páginas 
650 |a TEORÍA LITERARIA 
999 |c 20040  |d 20040 
040 |a cru BVZT 
942 |c 15 D  |h 801 A-33m  |2 z